| 000 | 00964nam a22002657a 4500 | ||
|---|---|---|---|
| 005 | 20180308121634.0 | ||
| 010 | _aENG-109785 | ||
| 020 |
_a9788191087352 _c925.00 |
||
| 035 | _aEN-93318 | ||
| 035 | _aB-537202-206 | ||
| 035 | _aB-667692 | ||
| 037 | _bDBAD/PUB | ||
| 037 |
_bK.K.Pub/Ven _adpl |
||
| 082 | _a027.7 | ||
| 100 | _aAvhad,Sharad T. | ||
| 245 | 0 | 0 |
_aAcademic librarianship in 21st century / _cby Sharad T. Avhad [and] Vinay P. Haware |
| 260 |
_aKanpur _bGarima Prakashan _c2013 |
||
| 270 |
_a1st floor, Mayur Park, Basant Vihar Naubasta _bKanpur _e208021 |
||
| 300 |
_a304p. _c22cm(Hb) |
||
| 500 | _aIncludes bibliographical references and index | ||
| 700 | _aHaware, Vinay P. | ||
| 942 |
_2ddc _cEN _mAVH _h027.7 |
||
| 999 |
_c83719 _d83719 |
||